Teoreticko-metodologický pohľad na bezpečnosť

Teoretické východiská skúmania bezpečnosti. Pojem bezpečnosť a jeho základné významy. Pozitívne a negatívne vymedzenie bezpečnosti. Prístupy k bezpečnosti. Úrovne bezpečnosti. Sektory bezpečnosti. Politický, energetický, environmentálny a informačný sektor bezpečnosti. Bezpečnosť e bezpečnostné...

Descrizione completa

Salvato in:
Dettagli Bibliografici
Autore principale: Ivančík, Radoslav
Natura: Capitolo di libro
Lingua:slovacco
Soggetti:
Tags: Aggiungi Tag
Nessun Tag, puoi essere il primo ad aggiungerne!!

MARC

LEADER 00000naa a2200000 4500
001 0159551
005 20231204133642.8
041 0 |a slo 
044 |a SK 
245 1 0 |a Teoreticko-metodologický pohľad na bezpečnosť  |c Radoslav Ivančík 
520 |a Teoretické východiská skúmania bezpečnosti. Pojem bezpečnosť a jeho základné významy. Pozitívne a negatívne vymedzenie bezpečnosti. Prístupy k bezpečnosti. Úrovne bezpečnosti. Sektory bezpečnosti. Politický, energetický, environmentálny a informačný sektor bezpečnosti. Bezpečnosť e bezpečnostné prostredie. Bezpečnosť z pohľadu ekonómie. 
610 2 0 |a bezpečnosť 
610 2 0 |a bezpečnosť ekonomická 
610 2 0 |a bezpečnosť elektronická 
610 2 0 |a bezpečnosť energetická 
610 2 0 |a bezpečnosť environmentálna 
610 2 0 |a bezpečnosť informačná 
100 1 |a Ivančík, Radoslav